| 000 | 00546nam a2200217 i 4500 | ||
|---|---|---|---|
| 001 | bg | ||
| 100 | 1 | _aHART-DAVIS, Guy | |
| 245 | 1 | 0 |
_aWord 97 / _cGuy Hart-Davis ; [tł. z ang. Maria Sokół]. |
| 260 |
_aGliwice : _b"Helion", _ccop. 1997. |
||
| 300 |
_a394 s. ; _c24 cm. |
||
| 504 | _aIndeks. | ||
| 630 | 0 | 9 | _aWord for Windows |
| 655 | _aPodręczniki | ||
| 020 | _a8386718889 | ||
| 040 | _cBPK | ||
| 041 | 1 |
_apl _hen |
|
| 080 | _a004.42Word(07) | ||
| 920 | _a83-86718-88-9 | ||
| 942 | _cKS | ||
| 008 | s pl f |000 0 pol | ||
| 999 |
_c33687 _d33687 |
||
| 856 |
_uhttp://koha.tu.koszalin.pl/cgi-bin/koha/opac-detail.pl?biblionumber=33687 _yKatalog online BPK |
||